<?xml version="1.0" encoding="UTF-8"?>
<record
    xmlns:xsi="http://www.w3.org/2001/XMLSchema-instance"
    xsi:schemaLocation="http://www.loc.gov/MARC21/slim http://www.loc.gov/standards/marcxml/schema/MARC21slim.xsd"
    xmlns="http://www.loc.gov/MARC21/slim">

  <leader>01965nam a22001697a 4500</leader>
  <controlfield tag="005">20250616084927.0</controlfield>
  <controlfield tag="008">250306b     mx |||||||| |||| 00| 0 spa d</controlfield>
  <datafield tag="050" ind1="0" ind2="4">
    <subfield code="a">KGF2983.A312022</subfield>
    <subfield code="b">A4 2023</subfield>
  </datafield>
  <datafield tag="240" ind1="1" ind2="0">
    <subfield code="a">Leyes y c&#xF3;digos </subfield>
  </datafield>
  <datafield tag="245" ind1="0" ind2="0">
    <subfield code="a">Legislaci&#xF3;n federal de migraci&#xF3;n, Ley de migraci&#xF3;n, Reglamento de la ley de migraci&#xF3;n, Constituci&#xF3;n Pol&#xED;tica de los Estados Unidos Mexicanos, Ley de nacionalidad, Ley sobre refugiados, protecci&#xF3;n complementaria y asilo pol&#xED;tico, Reglamento de la ley sobre refugiados y protecci&#xF3;n complementaria, Ley general de turismo, Reglamento de la ley general de turismo, Ley de asistencia social, ley de extradici&#xF3;n internacional, Reglamento interno de la comisi&#xF3;n intersecretarial de derecho internacional humanitario, Lineamientos para tr&#xE1;mites y procedimientos migratorios, Convenci&#xF3;n sobre la condici&#xF3;n de los extranjeros, Conferencia de las naciones unidas sobre el estatuto de los apatridas, Conenci&#xF3;n sobre asilo, Convenci&#xF3;n sobre asilo pol&#xED;tico, Convenci&#xF3;n sobre asilo diplom&#xE1;tico, Convenci&#xF3;n sobre asilo territorial, Convenci&#xF3;n sobre el estatuto de los refugiados, Protocolo contra el tr&#xE1;fico il&#xED;cito de migrantes por tierra, mar y aire, que complementa la convenci&#xF3;n de las naciones unidas contra la delincuencia organizada transnacional, Lineamientos en materia de protecci&#xF3;n a migrantes del instituto nacional de migraci&#xF3;n, Acuerdo entre los estados unidos mexicanos y la organizaci&#xF3;n internacional para las migraciones relativo al establecimiento en M&#xE9;xico de una oficina de representaci&#xF3;n</subfield>
  </datafield>
  <datafield tag="246" ind1="1" ind2="4">
    <subfield code="a">Legislaci&#xF3;n federal de migraci&#xF3;n</subfield>
    <subfield code="b"> : Pacto mundial para la migraci&#xF3;n segura, ordenada y regular en espa&#xF1;ol e ingl&#xE9;s (Web app) : Gu&#xED;a: la migraci&#xF3;n en la agenda 2030 (Web app)</subfield>
  </datafield>
  <datafield tag="250" ind1=" " ind2=" ">
    <subfield code="a">1a ed. </subfield>
  </datafield>
  <datafield tag="260" ind1=" " ind2=" ">
    <subfield code="a">M&#xE9;xico :</subfield>
    <subfield code="b">Gallardo Ediciones,</subfield>
    <subfield code="c">2023</subfield>
  </datafield>
  <datafield tag="300" ind1=" " ind2=" ">
    <subfield code="a">508 p. ; </subfield>
    <subfield code="c">21 cm.</subfield>
  </datafield>
  <datafield tag="651" ind1=" " ind2="7">
    <subfield code="2">lemb</subfield>
    <subfield code="a">M&#xE9;xico</subfield>
    <subfield code="x">Emigraci&#xF3;n e inmigraci&#xF3;n </subfield>
    <subfield code="x">Leyes y legislaci&#xF3;n</subfield>
  </datafield>
  <datafield tag="942" ind1=" " ind2=" ">
    <subfield code="2">lcc</subfield>
    <subfield code="c">LIB</subfield>
  </datafield>
  <datafield tag="999" ind1=" " ind2=" ">
    <subfield code="c">52925</subfield>
    <subfield code="d">52925</subfield>
  </datafield>
  <datafield tag="952" ind1=" " ind2=" ">
    <subfield code="1">0</subfield>
    <subfield code="2">lcc</subfield>
    <subfield code="4">0</subfield>
    <subfield code="7">0</subfield>
    <subfield code="a">BCLC</subfield>
    <subfield code="b">BCLC</subfield>
    <subfield code="c">GENERAL</subfield>
    <subfield code="d">2025-06-16</subfield>
    <subfield code="e">DON</subfield>
    <subfield code="f">1a ed.</subfield>
    <subfield code="k">CSA</subfield>
    <subfield code="l">0</subfield>
    <subfield code="o">KGF2983.A312022 A4 2023</subfield>
    <subfield code="p">BCLC000001972</subfield>
    <subfield code="r">2025-06-16 09:51:11</subfield>
    <subfield code="t">1</subfield>
    <subfield code="v">1.00</subfield>
    <subfield code="y">LIB</subfield>
  </datafield>
  <datafield tag="952" ind1=" " ind2=" ">
    <subfield code="1">0</subfield>
    <subfield code="2">lcc</subfield>
    <subfield code="4">0</subfield>
    <subfield code="7">0</subfield>
    <subfield code="a">BCLC</subfield>
    <subfield code="b">BCLC</subfield>
    <subfield code="c">GENERAL</subfield>
    <subfield code="d">2025-06-16</subfield>
    <subfield code="e">DON</subfield>
    <subfield code="f">1a ed.</subfield>
    <subfield code="k">CSA</subfield>
    <subfield code="l">0</subfield>
    <subfield code="o">KGF2983.A312022 A4 2023</subfield>
    <subfield code="p">BCLC000001973</subfield>
    <subfield code="r">2025-06-16 09:51:11</subfield>
    <subfield code="t">2</subfield>
    <subfield code="v">1.00</subfield>
    <subfield code="y">LIB</subfield>
  </datafield>
</record>
